Score 0/12 Timer 03:00
254 Plays Today
Question Answer Wrong Answers
Peru Lima
94.2%
Quito
1.6%
Caracas
0.8%
Santiago
1.2%
Argentina Buenos Aires
94.2%
Brasília
0.5%
Santiago
1.9%
Asunción
1%
Brazil Brasília
93.6%
Buenos Aires
2.7%
Santiago
0.9%
Asunción
0.4%
Colombia Bogotá
90.2%
Asunción
2%
Paramaribo
1.3%
Caracas
4.1%
Venezuela Caracas
89.7%
Quito
3.4%
Paramaribo
2.8%
Georgetown
1.7%
Chile Santiago
89.1%
Asunción
2%
Lima
4.1%
Quito
2.5%
Ecuador Quito
87.8%
Lima
2.2%
Caracas
4%
Bogotá
3.5%
Bolivia La Paz
86.1%
Paramaribo
1.9%
Quito
3%
Bogotá
6.7%
Uruguay Montevideo
86%
Caracas
3.5%
Paramaribo
6.7%
Buenos Aires
1.4%
Paraguay Asunción
80.3%
Lima
2.1%
Montevideo
11.3%
Santiago
3.9%
Guyana Georgetown
78.7%
Montevideo
4%
Paramaribo
12.2%
Caracas
2.6%
Suriname Paramaribo
77.4%
Santiago
2.6%
Montevideo
5.4%
Georgetown
12.2%
Remove Ads.
Support Sporcle.
Get the best of Sporcle when you Go Orange. This ad-free experience offers more features, more stats, and more fun while also helping to support Sporcle. Thank you for becoming a member.

You're not logged in!

Compare scores with friends on all Sporcle quizzes.
OR
Log In

Show Comments

Extras

Top Quizzes Today


Score Distribution

Your Account Isn't Verified!

In order to create a playlist on Sporcle, you need to verify the email address you used during registration. Go to your Sporcle Settings to finish the process.

Report this User

Report this user for behavior that violates our Community Guidelines.

Details: